00421nam a2200133Ia 4500008004100000020001800041050001400059100001800073245005300091260003100144300001100175650007200186700002900258120626s9999 xx 000 0 und d a84-8164-872-8 aBF241 L85 aLUNA. Dolores aPercepción visual / Dolores Luna, Pío Tudela aMadrid ; España : Trotta a374 p. a1. PERCEPCION VISUAL 2. PERCEPCION 3. RECONOCIMIENTO (PSICOLOGIA) aTudela, Pío, coaut.Ì